রবীন্দ্র-সৃষ্টি-সমীক্ষা / (Record no. 44093)
[ view plain ]
| 000 -LEADER | |
|---|---|
| fixed length control field | 01134nam a22002537a 4500 |
| 001 - CONTROL NUMBER | |
| control field | 44093 |
| 003 - CONTROL NUMBER IDENTIFIER | |
| rucl marc code | BD-RjUL |
| 005 - DATE AND TIME OF LATEST TRANSACTION | |
| control field | 20211209053811.0 |
| 008 - FIXED-LENGTH DATA ELEMENTS--GENERAL INFORMATION | |
| fixed length control field | 160713s1996 ii ||||| |||| 00| 0 ben d |
| 035 ## - SYSTEM CONTROL NUMBER | |
| System control number | (BD-RjUL)44211 |
| 040 ## - CATALOGING SOURCE | |
| Original cataloging agency | BD-RjUL |
| Language of cataloging | ben |
| Transcribing agency | BD-RjUL |
| 041 ## - LANGUAGE CODE | |
| Language code of text/sound track or separate title | ben |
| 082 ## - DEWEY DECIMAL CLASSIFICATION NUMBER | |
| Edition number | 23 |
| Classification number | 891.441409 |
| Author mark and year | BAR 1996 |
| 100 ## - MAIN ENTRY--PERSONAL NAME | |
| Personal name | বন্দ্যোপাধ্যায়, কুমার |
| 9 (RLIN) | 135388 |
| 245 10 - TITLE STATEMENT | |
| Title | রবীন্দ্র-সৃষ্টি-সমীক্ষা / |
| Statement of responsibility, etc. | কুমার বন্দ্যোপাধ্যায় |
| 250 ## - EDITION STATEMENT | |
| Edition statement | ৩য় সং. পরিমার্জ |
| 260 ## - PUBLICATION, DISTRIBUTION, ETC. (IMPRINT) | |
| Place of publication, distribution, etc. | কলিকাতা : |
| Name of publisher, distributor, etc. | ওরিয়েন বুক, |
| Date of publication, distribution, etc. | ১৯৯৬ |
| 300 ## - PHYSICAL DESCRIPTION | |
| Pagination | খণ্ড ; |
| Size | ২১ সেমি. |
| 505 0# - FORMATTED CONTENTS NOTE | |
| Formatted contents note | খণ্ড ১ -- খণ্ড ২ -- |
| 600 ## - SUBJECT ADDED ENTRY--PERSONAL NAME | |
| Personal name | ঠাকুর, রবীন্দ্রনাথ, |
| Dates associated with a name | ১৮৬১-১৯৪১ |
| Personal name | Tagore, Robindronath, |
| Dates associated with a name | 1841-1941 |
| General subdivision | Criticism and interpretation |
| 700 ## - ADDED ENTRY--PERSONAL NAME | |
| Personal name | সেনগুপ্ত, সুবোধচন্দ্র, ভূমিকা |
| 942 ## - ADDED ENTRY ELEMENTS (KOHA) | |
| Source of classification or shelving scheme | Dewey Decimal Classification |
| Koha item type | Books |
| Lost status | Source of classification or shelving scheme | Damaged status | Not for loan | Collection code | Permanent Location | Current Location | Shelving location | Date acquired | Source of acquisition | Cost, normal purchase price | Total Checkouts | Full call number | Date last seen | Date checked out | Copy number | Koha item type |
|---|---|---|---|---|---|---|---|---|---|---|---|---|---|---|---|---|
| Dewey Decimal Classification | Non-fiction | Central Library, University of Rajshahi | Central Library, University of Rajshahi | 18/09/1973 | Kolikat : Uditentu Prokash Mollik | 200.00 | 3 | B 891.441409 BAR V-2 1996 | 09/04/2026 | 08/04/2026 | C-2 | Books | ||||
| Dewey Decimal Classification | Non-fiction | Central Library, University of Rajshahi | Central Library, University of Rajshahi | 30/05/1973 | Uttorbanga Library : Rajshahi | 15.00 | 2 | B 891.441409 BAR V-1 1996 | 02/04/2019 | 05/03/2019 | C-3 | Books | ||||
| Dewey Decimal Classification | Non-fiction | Central Library, University of Rajshahi | Central Library, University of Rajshahi | 23/03/2006 | Paragon Enterprise Lit., Dhaka | 200.00 | B 891.441409 V-2 BAR 1996 | 17/07/2016 | C-4 | Books | ||||||
| Dewey Decimal Classification | Non-fiction | Central Library, University of Rajshahi | Central Library, University of Rajshahi | 23/03/2006 | Paragon, Dhaka. | 200.00 | 2 | B 891.441409 BAR V-2 1996 | 26/06/2022 | 22/06/2022 | C-5 | Books | ||||
| Dewey Decimal Classification | Non-fiction | Central Library, University of Rajshahi | Central Library, University of Rajshahi | 23/03/2006 | Paragon, Dhaka. | 200.00 | 4 | B 891.441409 BAR V-1 1996 | 12/02/2020 | 27/01/2020 | C-2 | Books | ||||
| Dewey Decimal Classification | Not For Loan | Non-fiction | Central Library, University of Rajshahi | Central Library, University of Rajshahi | Reading Room | 18/09/1973 | K.P. Bagchi & Co. Calcutta | 100.50 | B 891.441409 BAR V-1 1971 | 13/02/2017 | C-1 | Books |